00583nam a22001337a 4500999001500000008004100015020001800056082003200074100004400106245005200150250001500202260003200217952020000249 c8458d8458200219b ||||| |||| 00| 0 eng d a9788131500583 21st editiona621.395 YADb1 aYARBRUUGH, John MnPaperback: 698 pages aDigital LogicbApplications and designhEnglish a13thb2016 aNew DelhibCengage Learning 00102ddc406621.395 YAD708BTECHCSE948898aPIETbPIETd2020-02-19eKIRTI PRAKASHAN NEW DELHIfIN Rupeesg599.00kIN5960l0o621.395 YADp31634r2020-02-19 00:00:00t1v419.30w2020-01-03yREF